Countries by City #1 - Statistics

General Stats
  • This quiz has been taken 22 times
  • The average score is 11 of 17
Answer Stats
City Country % Correct
Dijon France
100%
The Hague Netherlands
100%
Cork Ireland
91%
Fes Morocco
91%
Granada Spain
82%
Stirling United Kingdom
82%
Cairns Australia
77%
Quang Ngai Vietnam
73%
Caen France
68%
Krong Siem Reap Cambodia
64%
Braga Portugal
59%
Hat Yai Thailand
50%
Broken Hill Australia
45%
Medan Indonesia
45%
Malang Indonesia
36%
Dire Dawa Ethiopia
27%
Kuantan Malaysia
23%
No matching quizzes found
Score Distribution
Percent of People with Each Score
Percentile by Number Answered
Your Score History
You have not taken this quiz